Ask the expert (Record no. 78567)

MARC details
000 -LEADER
fixed length control field 01433cab a22002175a 4500
001 - CONTROL NUMBER
control field L137249
008 - FIXED-LENGTH DATA ELEMENTS--GENERAL INFORMATION
fixed length control field 070326e2007 xxk 000 0 eng d
035 ## - SYSTEM CONTROL NUMBER
System control number (Sirsi) u137249
041 0# - LANGUAGE CODE
Language code of text/sound track or separate title eng
100 1# - MAIN ENTRY--PERSONAL NAME
Personal name Halevy, Tamar
245 00 - TITLE STATEMENT
Title Ask the expert
260 ## - PUBLICATION, DISTRIBUTION, ETC.
Date of publication, distribution, etc. 2007
490 ## - SERIES STATEMENT
Series statement New Law Journal
Volume/sequential designation 157(7263) 9 March 2007, 350-351(2)
520 ## - SUMMARY, ETC.
Summary, etc. Considers expert determination and the question of what an expert should do if an issue arises that is outside his area of expertise. Discusses ?Bruce v Carpenter and others? ([[2006] EWHC 3301 (Ch), [2006] All ER (D) 405] where the expert valuer felt the interpretation of a clause in a company contract was outside her field of expertise. The court held that the expert was required to resolve the issue herself, despite it being outside her area of expertise. Looks at the implications of this decision and highlights the importance of spending time on expert determination clauses, possibly inserting into the clause the option for the expert to obtain advice from another expert in the appropriate field.
590 ## - LOCAL NOTE (RLIN)
Local note KA
650 24 - SUBJECT ADDED ENTRY--TOPICAL TERM
Topical term or geographic name entry element BRUCE V CARPENTER AND OTHERS
650 24 - SUBJECT ADDED ENTRY--TOPICAL TERM
Topical term or geographic name entry element MERCURY COMMUNICATIONS LTD V DIRECTOR GENERAL OF TELECOMMUNICATIONS
651 #4 - SUBJECT ADDED ENTRY--GEOGRAPHIC NAME
Geographic name England and Wales
Chronological subdivision 1543-
690 ## - LOCAL SUBJECT ADDED ENTRY--TOPICAL TERM (OCLC, RLIN)
Topical term or geographic name as entry element MANAGEMENT-DISPUTE AVOIDANCE, MANAGEMENT AND RESOLUTION-DISPUTE MANAGEMENT AND RESOLUTION-ALTERNATIVE DISPUTE RESOLUTION-INDEPENDENT EXPERT DETERMINATION
942 ## - ADDED ENTRY ELEMENTS (KOHA)
Suppress in OPAC 0
Holdings
Withdrawn status Lost status Source of classification or shelving scheme Damaged status Not for loan Home library Current library Shelving location Date acquired Total Checkouts Full call number Barcode Date last seen Copy number Price effective from Koha item type
    Dewey Decimal Classification     London London Journal article 26/03/2007   L137249 137249-1001 06/08/2019 1 06/08/2019 Journal article